| 000 | 00987nac a22002891i 4500 | ||
|---|---|---|---|
| 003 | EG-ScBUE | ||
| 005 | 20230222034859.0 | ||
| 008 | 230222s2001 vraabe f 001 0 eng d | ||
| 020 | _a1864700734 | ||
| 040 |
_aEG-ScBUE _beng _erda _cEG-ScBUE _dEG-ScBUE |
||
| 082 | 0 | 4 |
_a728.5 _bWIM _222 |
| 110 | 2 |
_aWimberly, Allison, Tong & Goo, _eauthor. |
|
| 245 | 1 | 0 |
_aDesigning the world's best resorts / _cWimberly Allison Tong & Goo. |
| 264 |
_aMulgrave, Victoria : _bThe Images Publishing Group, _c2001. |
||
| 300 |
_a240 pages : _bcolor illustrations, maps, plans ; _c30 cm |
||
| 336 |
_2rdacontent _atext _btxt |
||
| 337 |
_2rdamedia _aunmediated _bn |
||
| 338 |
_2rdacarrier _avolume _bnc |
||
| 500 | _aIncludes index. | ||
| 650 | 7 |
_aResort architecture. _2BUEsh |
|
| 650 | 7 |
_aResorts _xDesign and construction. _2BUEsh |
|
| 650 | 7 |
_aHotels _xDesign and construction. _2BUEsh |
|
| 650 | 7 |
_aArchitecture and recreation. _2BUEsh |
|
| 653 | _bENGARC | ||
| 655 | _vReading book | ||
| 942 |
_cBB _2ddc |
||
| 999 |
_c3055 _d3055 |
||